Normal view
MARC view
- Pachauri, R K
Entry Personal Name
001 - CONTROL NUMBER
- control field: 5984
003 - CONTROL NUMBER IDENTIFIER
- control field: OSt
005 - DATE AND TIME OF LATEST TRANSACTION
- control field: 20240213150151.0
008 - FIXED-LENGTH DATA ELEMENTS
- fixed length control field: 240213|| aca||aabn | a|a d
040 ## - CATALOGING SOURCE
- Original cataloging agency: OSt
- Transcribing agency: OSt
100 ## - HEADING--PERSONAL NAME
- Personal name: Pachauri, R K
670 ## - SOURCE DATA FOUND
- Source citation: Work cat.: (OSt)68: Pachauri, R K ., Ensuring sustainable livelihood : Challenges for governments, corporate and civil society at Riotio / , 2002.
